| 000 | 00463nam a22001457a 4500 | ||
|---|---|---|---|
| 082 | _a621.3 | ||
| 100 | _aNaz, Neelam | ||
| 245 |
_aReal Time Tracking Control of Magnetic Levitation System / _cNeelam Naz |
||
| 260 |
_aIslamabad : _bCEME - NUST, _c2013. |
||
| 300 |
_a85 p. ; _c30cm. |
||
| 650 |
_aElectrical Engineering-MS-Thesis _916073 |
||
| 700 |
_aDr. Mohammad Bilal Malik _918497 |
||
| 942 |
_2ddc _cTHE |
||
| 999 |
_c537875 _d537875 |
||